00985cam a2200265 i 45000010005000000030008000050050017000130080039000300200035000690350018001040400032001220410008001540820022001622450083001842600131002673000021003984900008004195040041004275050054004686500039005227000033005617000024005947110071006187400030006893325BD-RjUL20211208233718.0131218s1976 ne b 101 0 eng a0444110275 (American Elsevier) a(BD-RjUL)3359 aDLCcDLCdDLCdBD-RjULbeng aeng00a336.278bTAX 197600aTaxing the brain drain /cedited by Jagdish N. Bhagwati and Martin Partington. aAmsterdam :bNorth Holland Pub. Co. :aNew York :bsole distributor for U.S.A. and Canada, American Elsevier Pub. Co.,cc1976. a222 p. ;c25 cm. vv-2 aIncludes bibliographies and indexes.0 a1. A proposal.--2. Theory and empirical analysis. 0aBrain drainxTaxationxCongresses.1 aBhagwati, Jagdish N.,d1934-1 aPartington, Martin.2 aBellagio Conference on the Brain Drain and Income Taxation,d1975.0 aBrain drain and taxation.